Statistics for Presidents Who Didn't Die In Their Home State

Click here to take the quiz!

General Stats

  • This quiz has been taken 12 times
  • The average score is 17 of 24

Answer Stats

When and where they diedAnswer% Correct
November 30, 2018George H.W. Bush
100%
November 22, 1963 TXJohn F. Kennedy
100%
June 5, 2004 CARonald Reagan
100%
April 15, 1865 D.C.Abraham Lincoln
92%
April 2, 1994 NYRichard Nixon
92%
June 8, 1845 TNAndrew Jackson
83%
December 26, 2006 CAGerald Ford
83%
September 14, 1901 NYWilliam McKinley
83%
March 28, 1969 MDDwight D. Eisenhower
75%
September 19, 1881 NJJames Garfield
75%
July 4, 1831 NYJames Monroe
75%
July 23, 1885 NYUlysses S. Grant
75%
July 31, 1875 TNAndrew Johnson
67%
October 20, 1964 NYHerbert Hoover
67%
June 15, 1849 TNJames K. Polk
67%
August 2, 1923 CAWarren G. Harding
67%
April 4, 1841 D.C.William Henry Harrison
67%
March 8, 1930 D.C.William Howard Taft
67%
March 13, 1901 INBenjamin Harrison
58%
January 5, 1933 MACalvin Coolidge
58%
February 23, 1848 D.C.John Quincy Adams
58%
July 9, 1850 D.C.Zachary Taylor
58%
February 3, 1924 D.C.Woodrow Wilson
50%
November 18, 1886 NYChester Alan Arthur
17%

Score Distribution

Percentile by Number Answered

Percent of People with Each Score

Your Score History

You have not taken this quiz